Bizim köy/ (Record no. 14789)

MARC details
000 -BAŞLIK
Sabit Uzunlukta Kontrol Alanı 00583nam a22001937a 4500
999 ## - SİSTEM KONTROL NUMARALARI (KOHA)
Koha Biblionumber 14789
Koha Biblioitemnumber 14789
003 - KONTROL NUMARASI IDENTIFIER
Denetim Alanı MIRAKIL
005 - SON İŞLEM TARİHİ VE ZAMANI
Denetim Alanı 20220131171309.0
008 - SABİT-BOY VERİ ELEMANLARI - GENEL BİLGİLER
Sabit Uzunlukta Kontrol Alanı 220131b tu ||||| |||| 00| 0 tur d
020 ## - ULUSLARARASI STANDART KİTAP NUMARASI
Uluslararası Standart Kitap Numarası 9789750404443
040 ## - KATALOGLAMA KAYNAK
Orijinal Kataloglama Ajansı TR-AnCHP
Kataloglama Dili tur
Metne Dönüştürmek Ajansı TR-AnCHP
082 ## - DEWEY ONLU SINIFLANDIRMA NUMARASI
Sınıflandırma Numarası 818.42
Ürün Numarası M24b 2017
100 ## - ANA GİRİŞ - KİŞİSEL İSİM
Kişisel Ad Makal, Mahmut
245 ## - BAŞLIK TABLOSU
Başlık Bizim köy/
Sorumluluk Tablosu, Vb Mahmut Makal.
260 ## - YAYIN, DAĞITIM, VB
Yayın, Dağıtım, Vb Yeri İstanbul:
Yayıncı, Dağıtıcı, Vs Adı Literatür Yayınları,
Yayın, Dağıtım, Vb Tarihi 2017.
300 ## - FİZİKSEL TANIM
Kapsam 160 s.:
Diğer Fiziksel Ayrıntıları fotg.;
Boyutlar 21 sm.
490 0# - SERİSİ TABLOSU
Seri Beyanı Literatür Yayınları;
-- Mahmut Makal Kitaplığı;
Hacim / Ardışık Tanımı 545.
-- 01.
650 #0 - KONU KATMA GİRİŞ - TOPİKAL DÖNEM
Topikal Süreli Veya Coğrafi Ad Giriş Elemanı Türk edebiyatı
Genel Alt Bölümü Anılar
9 (RLIN) 19
942 ## - EKLENDİ GİRİŞ ELEMANLARI (KOHA)
Sınıflandırma Veya Raf Düzeni Kaynak Dewey Decimal Classification
Koha Öğesi Türü Books
Holdings
Kalıcı Konum Mevcut Konum Edinme Tarihi Toplam Check-Out'Lar Tam Çağrı Numarası Barkod Tarih Son Görülme İtibaren Geçerli Fiyatlar Koha Öğesi Türü
CHP Kütüphanesi CHP Kütüphanesi 01/31/2022   818.42 M24b 2017 020285 01/31/2022 01/31/2022 Books